000 00453nam a22001817a 4500
003 LK-CoDNM
005 20250205110342.0
008 250131b |||||||| |||| 00| 0 eng d
040 _aLK-CoDNM
_dLK-CoDNM
_eLK-CoDNM
041 _aeng
080 _a58
_bC2
100 _aHORNELL,JAMES
245 _aMADRAS FISHERY INVESTIGATIONS 1908
260 _aMadas
_bGoverment Press
_c1910
300 _a120P. : ill ; 24 cm
650 _ascience
942 _cBK
999 _c237762
_d237762